000 00321nam a2200133Ia 4500
008 220613s9999||||xx |||||||||||||| ||und||
100 _aAlm Albert
245 0 _aUveoscleral Outflow Biology And Clinical
250 _a1st(1998)
260 _bMosby Wolf Spain
300 _a99
650 _aOphthalmology
942 _cSURG
999 _c11478
_d11478